000
00252nam a22001217a 4500
003
SGT
082
_a
823
_b
KAP
100
_a
KAPUR MANJU
245
_a
DIFFICULT DAUGHTERS
260
_a
U.K
_b
FABER & FABER PUB
_c
2010
300
_a
282
942
_2
ddc
_c
BK
999
_c
33563
_d
33563